000 00466nam a2200205Ia 4500
001 13464
003 GE_BSU
008 181216s||||||||xx |||||||||||||| ||und||
020 _a0131426429
040 _cGE_BSU
080 _a004.42(075.8)
100 _aDeitel,Harvey M. Deitel,Paul J. Hoey,Tim Cheryl H.
245 _aSimply C#.
260 _aLondon
260 _bPearson
260 _c2004
300 _a923p.ill.28cm.
653 _aSimply C#
942 _cBK
999 _c46624
_d46624